<?xml version="1.0" encoding="UTF-8"?>
<collection xmlns="http://www.loc.gov/MARC21/slim">
<record>
  <controlfield tag="001">151726</controlfield>
  <controlfield tag="005">20251017144649.0</controlfield>
  <datafield tag="024" ind1="8" ind2=" ">
    <subfield code="2">sideral</subfield>
    <subfield code="a">143240</subfield>
  </datafield>
  <datafield tag="037" ind1=" " ind2=" ">
    <subfield code="a">ART-2021-143240</subfield>
  </datafield>
  <datafield tag="041" ind1=" " ind2=" ">
    <subfield code="a">spa</subfield>
  </datafield>
  <datafield tag="100" ind1=" " ind2=" ">
    <subfield code="a">Cejador Ambroj, Mª Ángeles</subfield>
    <subfield code="u">Universidad de Zaragoza</subfield>
  </datafield>
  <datafield tag="245" ind1=" " ind2=" ">
    <subfield code="a">La renovada imagen de España a través del patrimonio monumental recuperado: la exposición Veinte Años de Restauración Monumental de España en el Museo Arqueológico Nacional (1958)</subfield>
  </datafield>
  <datafield tag="260" ind1=" " ind2=" ">
    <subfield code="c">2021</subfield>
  </datafield>
  <datafield tag="506" ind1="0" ind2=" ">
    <subfield code="a">Access copy available to the general public</subfield>
    <subfield code="f">Unrestricted</subfield>
  </datafield>
  <datafield tag="520" ind1="3" ind2=" ">
    <subfield code="a">En los años cincuenta del pasado siglo XX comenzaron a producirse interesantes cambios en el ámbito museográfico español, con el objetivo de mostrar una imagen moderna de España a través de las exposiciones y, especialmente, cara al exterior. Los éxitos conseguidos por nuestro país en muestras internacionales como las Trienales de Milán de 1951, 1954 y 1957 o en la Exposición Internacional de Bruselas de 1958 con el pabellón español proyectado por los arquitectos José Antonio Corrales y Ramón Vázquez Molezún, presentaron una modernidad expositiva que todavía no se correspondía con el lento desarrollo artístico del interior de España. Sin embargo, empezaron a despuntar por su carácter novedoso, algunos diseños expositivos como el proyectado en 1958 por el arquitecto Fernando Chueca Goitia en el Museo Arqueológico Nacional, con ocasión de la muestra organizada dentro de los actos conmemorativos del IV Centenario de la muerte del emperador Carlos V.

In the 50s of the twentieth century, interesting changes in Spanish museography started to take place, in order to show a modern image of Spain through shows, especially abroad. The successes achieved by our country in international exhibitions such as the Milan Triennials of 1951, 1954 and 1957 or in the 1958 Brussels International Exhibition with the Spanish pavilion designed by the architects José Antonio Corrales and Ramón Vázquez Molezún, presented modern museography not quite attuned to the slow artistic development of Spain. However, some exhibition designs began to stand out for their novelty, such as the show designed in 1958 by architect Fernando Chueca Goitia in the National Archaeological Museum, on the occasion of the Fourth Centenary of the death of the Emperor Carlos V.</subfield>
  </datafield>
  <datafield tag="540" ind1=" " ind2=" ">
    <subfield code="9">info:eu-repo/semantics/openAccess</subfield>
    <subfield code="a">All rights reserved</subfield>
    <subfield code="u">http://www.europeana.eu/rights/rr-f/</subfield>
  </datafield>
  <datafield tag="655" ind1=" " ind2="4">
    <subfield code="a">info:eu-repo/semantics/article</subfield>
    <subfield code="v">info:eu-repo/semantics/publishedVersion</subfield>
  </datafield>
  <datafield tag="710" ind1="2" ind2=" ">
    <subfield code="1">3007</subfield>
    <subfield code="2">465</subfield>
    <subfield code="a">Universidad de Zaragoza</subfield>
    <subfield code="b">Dpto. Historia del Arte</subfield>
    <subfield code="c">Área Historia del Arte</subfield>
  </datafield>
  <datafield tag="773" ind1=" " ind2=" ">
    <subfield code="g">57 (2021), [13 pp.]</subfield>
    <subfield code="p">AACA digit.</subfield>
    <subfield code="t">AACA Digital</subfield>
    <subfield code="x">1988-5180</subfield>
  </datafield>
  <datafield tag="856" ind1="4" ind2=" ">
    <subfield code="s">811600</subfield>
    <subfield code="u">http://zaguan.unizar.es/record/151726/files/texto_completo.pdf</subfield>
    <subfield code="y">Versión publicada</subfield>
  </datafield>
  <datafield tag="856" ind1="4" ind2=" ">
    <subfield code="s">2804023</subfield>
    <subfield code="u">http://zaguan.unizar.es/record/151726/files/texto_completo.jpg?subformat=icon</subfield>
    <subfield code="x">icon</subfield>
    <subfield code="y">Versión publicada</subfield>
  </datafield>
  <datafield tag="856" ind1="4" ind2="1">
    <subfield code="u">https://www.aacadigital.com/contenido.php?idarticulo=1920&amp;idrevista=66</subfield>
    <subfield code="z">Texto completo de la revista</subfield>
  </datafield>
  <datafield tag="909" ind1="C" ind2="O">
    <subfield code="o">oai:zaguan.unizar.es:151726</subfield>
    <subfield code="p">articulos</subfield>
    <subfield code="p">driver</subfield>
  </datafield>
  <datafield tag="951" ind1=" " ind2=" ">
    <subfield code="a">2025-10-17-14:35:37</subfield>
  </datafield>
  <datafield tag="980" ind1=" " ind2=" ">
    <subfield code="a">ARTICLE</subfield>
  </datafield>
</record>
</collection>